Cấu trúc máy tính PC

Saved in:
Bibliographic Details
Main Author: Pho
Format: Book
Language:Undetermined
Published: H. Giáo dục 2004
Subjects:
Online Access:http://lrc.tdmu.edu.vn/opac/search/detail.asp?aID=2&ID=5461
Tags: Add Tag
No Tags, Be the first to tag this record!
Institutions: Trung tâm Học liệu Trường Đại học Thủ Dầu Một
LEADER 00586nam a2200193Ia 4500
001 TDMU_5461
008 210410s9999 xx 000 0 und d
082 |a 004.2 
090 |b PH400 
100 |a Pho 
245 0 |a Cấu trúc máy tính PC 
245 0 |c Phó Đức Toàn 
260 |a H. 
260 |b Giáo dục 
260 |c 2004 
300 |a 206tr. 
650 |a Cấu trúc máy tính; Máy tính CP  |x Cấu trúc 
856 |u http://lrc.tdmu.edu.vn/opac/search/detail.asp?aID=2&ID=5461 
980 |a Trung tâm Học liệu Trường Đại học Thủ Dầu Một